Music Quiz

Random Music or Rap Quiz

Run DMC's 'It's Tricky' Lyrics Quiz Stats

 Plays Quiz not verified by Sporcle

Also try: Rock Band by Font
Challenge
Share
Tweet
Embed
Score 0/271 Timer 11:00
0 Plays Today
% Correct
(chorus)
100%
(chorus)
99.5%
(chorus)
99.5%
I
98.4%
I
98.4%
I
98.4%
I
98.4%
I
98.4%
I
98.4%
I
98.4%
I
98.4%
(a
97.7%
a
97.7%
a
97.7%
a
97.7%
a
97.7%
a
97.7%
A
97.7%
it's
97.5%
It's
97.5%
it's
97.5%
It's
97.5%
It's
97.5%
It's
97.5%
it's
97.4%
It's
97.4%
Tricky
97%
Tricky
97%
(Tricky)
97%
Tricky
97%
(Tricky)
97%
Tricky
97%
Tricky
97%
Tr-tr-tr-tricky
96.9%
(Tricky)
96.9%
Trrrrrrrrrrricky
96.9%
To
96.2%
to
96.2%
to
96.2%
to
96.2%
to
96.2%
it
95.9%
it
95.9%
rock
94%
rock
94%
rock
94%
(rock!)
94%
time
89.2%
time
89.2%
time
89.2%
time
89.2%
time
89.2%
on
88.7%
on
88.7%
on
88.7%
(on
88.7%
on
88.7%
This
85%
this
85%
this
85%
right
84.5%
right
84.5%
is
83.3%
is
83.3%
is
83.3%
that
83.1%
that
83.1%
me
82.8%
me
82.7%
her
80.4%
her
80.4%
her
80.4%
her
80.4%
her
80.4%
girl
80.2%
the
79.7%
the
79.7%
that's
79.1%
that's
79.1%
we
78.5%
we
78.4%
we
78.4%
we
78.4%
rhyme)
78.2%
rhyme
78.2%
rhyme
78.2%
rhyme
78.2%
rhyme
78.2%
We
78.2%
(we
78.2%
we
78.2%
% Correct
we
78.2%
my
76.9%
my
76.8%
my
76.8%
was
76.3%
and
73.8%
and
73.8%
and
73.8%
And
73.8%
and
73.8%
(and
73.8%
little
73.2%
girlie
72.3%
met
72.2%
hair
72.2%
curly
72.1%
think
70.5%
think
70.5%
think
70.5%
D
70.2%
all
68.5%
all
68.4%
they
68%
They
68%
they
68%
they
68%
no
67.9%
They
67.9%
They
67.9%
kinda
67.8%
very
66.5%
Jay
66.1%
had
65.9%
vital
65.4%
real
65.3%
not
64.2%
not
64.2%
not
64.2%
not
64.2%
Went
64.1%
out
64.1%
house
63.7%
early
63.6%
leave
63.5%
leave
63.5%
recital
63.3%
be
63.2%
us
62%
just
61.9%
just
61.9%
just
61.9%
say
61.7%
just
61.7%
do
61.5%
bust
60.6%
In
59.9%
in
59.9%
are
59.7%
are
59.5%
please
59.3%
easy
57.4%
said
56.5%
girls
54.5%
cos
54.4%
cos
54.4%
cos
54.4%
girls
54.4%
cos
54.2%
cos
54.2%
Cos
54.2%
really
53.1%
really
53.1%
of
53.1%
of
53.1%
don't
51.8%
don't
51.8%
don't
51.8%
These
51.7%
sleazy
51.3%
know
50.3%
some
49.7%
but
49.6%
but
49.6%
but
49.6%
but
49.6%
with
48.8%
down
47.1%
have
46.2%
I'm
45.5%
I'm
45.4%
I'm
45.4%
% Correct
I'm
45.4%
I'm
45.4%
too
45%
up
44%
up
44%
up
44%
make
43.7%
make
43.7%
can't
43.3%
you
43.2%
spend
43.1%
You
43.1%
people
42.8%
people
42.8%
people
42.7%
city
42.6%
he's
42.2%
who's
41.7%
pity
41%
now
40.7%
try
40.5%
take
40.3%
father
40%
she's
39.9%
bother
39.9%
inside
39.5%
nothin'
39.4%
When
39.4%
even
39%
(walk)
38.6%
poor
38.3%
windows
37.9%
because
37.6%
Tinted
37.6%
talk
37.4%
every
37.4%
what
37.1%
New
36.5%
Or
35.9%
Then
35.5%
play
35.3%
York
35.1%
like
34.8%
your
34.7%
hide
34.2%
alone
34.1%
goin'
33.6%
star
33.2%
gig
33.1%
they're
33%
TV
33%
speech
32.8%
ain't
32%
wake
31.5%
keep
31.4%
far
31.4%
keep
31.4%
dismissed
31.1%
jockin'
31.1%
own)
30.9%
Daryll
29.9%
follows
29.5%
named
29%
lyin'
29%
Always
28.9%
mostly
28.8%
quit
28.8%
cryin'
28%
Carol
27.9%
drugs)
27.4%
dissed
27.3%
wearin'
27.1%
coke
25.5%
dope)
25.1%
offer
24.7%
tearin'
24.5%
lots
24.4%
braggin'
24.1%
y'all
24.1%
(y'all)
24.1%
use
24%
(hawk)
23.4%
naggin'
20.9%
assume
20.5%
singin'
18.3%
ringin'
17.7%
phone
17.5%
thugs
16.5%
shock!
13.7%

You're not logged in!

Compare scores with friends on all Sporcle quizzes.
Join for Free
OR
Log In

You Might Also Like...

Show Comments

Extras

Top Quizzes Today


Score Distribution

Your Account Isn't Verified!

In order to create a playlist on Sporcle, you need to verify the email address you used during registration. Go to your Sporcle Settings to finish the process.

Report this User

Report this user for behavior that violates our Community Guidelines.

Details: